Subproductos y Derivados de la Agroindustria Azucarera / (Record no. 173285)
[ view plain ]
| 000 -CABECERA | |
|---|---|
| campo de control de longitud fija | 00732nam a2200265Ia 4500 |
| 001 - NÚMERO DE CONTROL | |
| campo de control | dia_2784 |
| 003 - IDENTIFICADOR DEL NÚMERO DE CONTROL | |
| campo de control | CHAP |
| 005 - FECHA Y HORA DE LA ÚLTIMA TRANSACCIÓN | |
| campo de control | 20251027152405.0 |
| 008 - DATOS DE LONGITUD FIJA--INFORMACIÓN GENERAL | |
| campo de control de longitud fija | 220117s1998 xx 000 0 und d |
| 010 ## - NÚMERO DE CONTROL DE LA BIBLIOTECA DEL CONGRESO | |
| Número de control de LC | 173285 |
| 040 ## - FUENTE DE LA CATALOGACIÓN | |
| Centro/agencia transcriptor | CHAP |
| 082 ## - NÚMERO DE LA CLASIFICACIÓN DECIMAL DEWEY | |
| Número de clasificación | 664.1 G4 |
| 110 ## - ENTRADA PRINCIPAL--NOMBRE DE ENTIDAD CORPORATIVA | |
| Nombre de entidad corporativa o nombre de jurisdicción como elemento de entrada | Geplacea |
| 9 (RLIN) | 153496 |
| 245 ## - MENCIÓN DE TÍTULO | |
| Título | Subproductos y Derivados de la Agroindustria Azucarera / |
| Mención de responsabilidad, etc. | por Geplacea |
| 260 ## - PUBLICACIÓN, DISTRIBUCIÓN, ETC. | |
| Lugar de publicación, distribución, etc. | México, Geplacea |
| Fecha de publicación, distribución, etc. | 1998 |
| 300 ## - DESCRIPCIÓN FÍSICA | |
| Extensión | 468P. |
| 410 ## - MENCIÓN DE SERIE/PUNTO DE ACCESO ADICIONAL--ENTIDAD CORPORATIVA [OBSOLETO, CAN/MARC], [LOCAL, USA] | |
| Nombre de entidad corporativa o nombre de jurisdicción como elemento de entrada | SERIE DIVERSIFICACION |
| 500 ## - NOTA GENERAL | |
| Nota general | D. |
| 650 ## - PUNTO DE ACCESO ADICIONAL DE MATERIA--TÉRMINO DE MATERIA | |
| Término de materia o nombre geográfico como elemento de entrada | Azúcar |
| Subdivisión general | subproductos |
| 9 (RLIN) | 153497 |
| 650 ## - PUNTO DE ACCESO ADICIONAL DE MATERIA--TÉRMINO DE MATERIA | |
| Término de materia o nombre geográfico como elemento de entrada | Caña de azúcar |
| Subdivisión general | derivados |
| 9 (RLIN) | 153498 |
| 901 ## - ELEMENTOS DE DATOS A LOCAL LDA (RLIN) | |
| a | 664.1 G4 |
| 902 ## - ELEMENTOS DE DATOS B LOCAL, LDB (RLIN) | |
| a | M |
| 905 ## - ELEMENTOS DE DATOS E LOCAL, LDE (RLIN) | |
| a | 0000001998 MEXA 0000000000ESP00 |
| 942 ## - ELEMENTOS DE PUNTO DE ACCESO ADICIONAL (KOHA) | |
| Tipo de ítem Koha | Libro |
| Fuente del sistema de clasificación o colocación | Dewey Decimal Classification |
| Estado de retiro | Estado de pérdida | Fuente del sistema de clasificación o colocación | Estado dañado | No para préstamo | Código de colección | Localización permanente | Ubicación/localización actual | Ubicación en estantería | Fecha de adquisición | Información codificada de la localización en otra ubicación | Total de préstamos | Código de barras | Fecha visto por última vez | Número de copia | Precio válido a partir de | Tipo de ítem Koha |
|---|---|---|---|---|---|---|---|---|---|---|---|---|---|---|---|---|
| Dewey Decimal Classification | General | Ingenieria Agroindustrial | Ingenieria Agroindustrial | 18/01/2022 | 1 | dia_4667 | 18/01/2022 | 1 | 18/01/2022 | Libro |
